Представление документа в формате RUSMARC

ПолеНазваниеЗначение
  Тип записи a
  Библиографический уровень m
001 Контрольный номер 28bdf68ff2714a20a1f38feba86b2f41
005 Дата корректировки 20150414104139.7
010 Индекс ISBN __
a ISBN 978-5-9916-3624-7
101 Язык документа 0_
a Язык текста rus
102 Страна публикации __
a Страна публикации RU
200 Заглавие и сведения об ответственности 1_
a Заглавие Аудит. Теория и практика
b Общее обозначение материала Текст
e Сведения, относящиеся к заглавию учебник для бакалавров
f Первые сведения об ответственности Н.А. Казакова, Г.Б. Полисюк [и др.]; под общ. ред. Н.А. Казаковой
210 Выходные данные 1_
a Место издания Москва
c Издательство Издательство Юрайт
d Дата издания 2015
215 Физическое описание __
a Объем 385 с.
225 Серия 2_
a Серия Бакалавр. Углубленный курс
610 Ключевые слова 0_
a Ключевые слова Аудит. Теория и практика
686 Индексы других классификаций __
a Классификационный индекс 65.052.8
801 Источник записи _0
a Страна RU
b Организация РУК
g Правила каталогизации PSBO
801 Источник записи _1
a Страна RU
b Организация РУК
g Правила каталогизации PSBO
852 Данные о местонахождении __
i Авторский знак А 93
j Шифр хранения 65.052.8
901 Тип документа __
t Тип документа m
937 Технологическая информация __
a Создатель записи (имя) Ивашова
938 Служебная информация __
a Название организации Ивановский филиал
952 Тип литературы __
c Вид литературы учебник